000 00271nam a2200097Ia 4500
001 886212
005 20250826182812.0
008 250824s9999 xx 000 0 und d
245 0 _aDUA VE SURELERİYLE NAMAZIN ANLAŞILMASI
_cALİ AKPINAR
260 _bKİTAP DÜNYASI YAYINLARI
999 _c886212
_d886212